ՀՀ Գիտությունների ազգային ակադեմիայի հիմնարար գիտական գրադարան  =   Fundamental Scientific Library of NAS RA

Папство и Священная Римская империя в XIV и XV столетии, до Базельского собора / (Record no. 533677)

MARC details
000 -LEADER
fixed length control field 00931nam a2200229 a 4500
001 - CONTROL NUMBER
control field 2010891
003 - CONTROL NUMBER IDENTIFIER
control field AM-YeHGA
005 - DATE AND TIME OF LATEST TRANSACTION
control field 20250617165035.0
008 - FIXED-LENGTH DATA ELEMENTS--GENERAL INFORMATION
fixed length control field 250317s1921 ru ||||| |||| 00| 0 rus d
040 ## - CATALOGING SOURCE
Original cataloging agency AM-YeHGA
041 0# - LANGUAGE CODE
Language code of text/sound track or separate title rus
090 ## - LOCALLY ASSIGNED LC-TYPE CALL NUMBER (OCLC); LOCAL CALL NUMBER (RLIN)
-- 573091
100 1# - MAIN ENTRY--PERSONAL NAME
Personal name Вызинский, Генрих Викентьевич
245 10 - TITLE STATEMENT
Title Папство и Священная Римская империя в XIV и XV столетии, до Базельского собора /
Statement of responsibility, etc. Г. Вызинский.
250 ## - EDITION STATEMENT
Edition statement 2-е изд.
260 ## - PUBLICATION, DISTRIBUTION, ETC.
Place of publication, distribution, etc. Казань :
Name of publisher, distributor, etc. Друзья книги,
Date of publication, distribution, etc. 1921.
300 ## - PHYSICAL DESCRIPTION
Extent 152 с.
440 #0 - SERIES STATEMENT/ADDED ENTRY--TITLE
Title Историческая библиотека.
Name of part/section of a work (Лекции, статьи и рефераты по истории отдельных народов, стран и эпох).
650 14 - SUBJECT ADDED ENTRY--TOPICAL TERM
Topical term or geographic name entry element Папство
650 14 - SUBJECT ADDED ENTRY--TOPICAL TERM
Topical term or geographic name entry element Священная Римская империя
942 ## - ADDED ENTRY ELEMENTS (KOHA)
Source of classification or shelving scheme Universal Decimal Classification
Koha item type Գրքեր / Books
Holdings
Withdrawn status Lost status Source of classification or shelving scheme Damaged status Not for loan Collection Home library Current library Date acquired Total checkouts Full call number Barcode Date last seen Price effective from Koha item type Public note
    Universal Decimal Classification     Kusikian Individual Collection Fundamental Scientific Library Fundamental Scientific Library 17/03/2025   Кус/1711 FL0686252 17/03/2025 17/03/2025 Գրքեր / Books ILL Non-Circ.


ՀՀ ԳԱԱ հիմնարար գիտական գրադարան
ՀՀ,Երևան 0019
Մարշալ Բաղրամյան 24/6
հեռախոս:(374-10) 52-47-50
Հետադարձ կապ

All site content, except where otherwise noted, is licensed under a
Creative Commons License